| 000 | 00669nam a2200193Ia 4500 | ||
|---|---|---|---|
| 003 | GCL | ||
| 008 | 140319s9999 xx 000 0 ara d | ||
| 040 |
_aGCL / _cGCL |
||
| 082 | 0 | 4 |
_a922.6 _bع ع |
| 100 | 1 | _aعبدالحليم محمود | |
| 245 | 1 | 0 |
_aالعارف بالله ابو الانوار شمس الدين الحفنى / _cعبدالحليم محمود |
| 300 | _a195 ص | ||
| 490 |
_aالهيئة العامة للاستعلامات _v0 |
||
| 650 | 0 | 4 | _aالتصوف الاسلامى |
| 650 | 0 | 4 | _aالمتصوفون |
| 650 | 0 | 4 | _aشمس الدين الحفنى |
| 650 | 0 | 4 | _aالتصوف الاسلامى - نظرية الصوفي |
| 942 |
_2ddc _cBK |
||
| 999 |
_c51909 _d51909 |
||